| 000 | 00555nam a22001457a 4500 | ||
|---|---|---|---|
| 020 | _a9781492034865 | ||
| 040 | _cNUST | ||
| 082 | _a006.6 DOU | ||
| 100 |
_a Koul, Anirudh _997730 |
||
| 110 |
_a Ganju, Siddha. Kasam, Meher _997731 |
||
| 245 |
_aPractical Deep Learning For Cloud, Mobile and Edge : _b Real-World AI and Computer-Vision Projects Using Python, Keras, and Tensorflow |
||
| 260 |
_aSebastopol: _bO'Reilly Media, _c2020. |
||
| 650 |
_aArtificial intelligence. Application software - Development. Python.NUSTTB2022 _9102818 |
||
| 942 |
_2ddc _cBK |
||
| 999 |
_c591149 _d591149 |
||